| 000 | 00786cam a2200313 4500 | ||
|---|---|---|---|
| 001 | J63042 | ||
| 008 | 000000n2000 000 0 eng u | ||
| 035 | _a(Sirsi) u109856 | ||
| 041 | _aeng | ||
| 050 | _a333.33016 | ||
| 110 |
_aHealey and Baker _91907 |
||
| 245 | _aPRIME UK property markets -November 2000 | ||
| 260 |
_aLondon _bHealey & Baker _c2000 |
||
| 300 | _a8p. ; 30cm. | ||
| 350 | _a0 | ||
| 650 | _aINDICES | ||
| 650 | _aINDUSTRIAL PROPERTY | ||
| 650 | _aOFFICES | ||
| 650 | _aPRIME | ||
| 650 | _aPROPERTY INDICES | ||
| 650 | _aPROPERTY PERFORMANCE | ||
| 650 | _aRENTAL GROWTH | ||
| 650 | _aRENTAL VALUES | ||
| 650 | _aRETAIL PROPERTY | ||
| 650 | _aRETAIL WAREHOUSES | ||
| 650 | _aWAREHOUSES | ||
| 690 | _aPROPERTY-COMMERCIAL PROPERTY | ||
| 942 | _n0 | ||
| 999 |
_c101016 _d101016 |
||